000
00239nam a2200109Ia 4500
005
20251222154309.0
008
251222s9999||||xx |||||||||||||| ||spa||
020
_a
84-7530-119-3
082
_a
210/O66
245
0
_a
AntologĂa
942
_c
LIB
999
_c
33321
_d
33321